000 00404nam a22001697a 4500
005 20160618111716.0
008 160618b xxu||||| |||| 00| 0 eng d
020 _a81-297-0088-3
041 _aeng
082 _b81-297-0088-3
100 _aChowdaury, Subir
_92186
245 _aManagement 21C
260 _aDelhi
_bPearson Education
_c2003
300 _a284
650 _aManagement
_9241
942 _cBK
999 _c3058
_d3057